Statistiques concernant Les capitales d'Amérique du sud

Cliquez ici pour prendre le quiz!

Statistiques générales

  • Ce quiz a été pris 49 fois
  • Le résultat moyen est 9 sur 12

Statistiques - réponses

Réponse% Correct
Brasilia
100%
Buenos Aires
91%
Lima
83%
Santiago
83%
Montevideo
79%
Bogota
72%
Quito
72%
Caracas
66%
La Paz
62%
Asunción
55%
Paramaribo
51%
Georgetown
45%

Distribution des résultats

Percentile par nombre de réponses

% des personnes avec chaque résultat

Votre développement - résultats

Vous n’avez pas pris ce quiz